Tiềm năng và định hướng phát triển du lịch sinh thái miệt vườn tại huyện Lai Vung Tiểu luận tốt nghiệp chuyên ngành Sư phạm Địa lý

Gespeichert in:
Bibliographische Detailangaben
1. Verfasser: Nguyễn, Thị Thu Hiền
Weitere Verfasser: Phùng, Thái Dương (Hướng dẫn)
Format: Paket Buch
Sprache:Vietnamese
Veröffentlicht: Đồng Tháp Đại học Đồng Tháp 2020
Schlagworte:
Tags: Tag hinzufügen
Keine Tags, Fügen Sie den ersten Tag hinzu!
Thư viện lưu trữ: Trung tâm Học liệu Lê Vũ Hùng, Trường Đại học Đồng Tháp
LEADER 01236npm a22002778a 4500
001 00045675
008 190708s2019####-vm#################vie|d
005 20200810160838.0
041 0 # |a vie 
082 1 4 |b T304N  |a 338.409 597 89 
100 0 # |a Nguyễn, Thị Thu Hiền 
245 0 0 |a Tiềm năng và định hướng phát triển du lịch sinh thái miệt vườn tại huyện Lai Vung  |b Tiểu luận tốt nghiệp chuyên ngành Sư phạm Địa lý  |c Nguyễn Thị Thu Hiền; Phùng Thái Dương (hướng dẫn) 
260 # # |a Đồng Tháp  |b Đại học Đồng Tháp  |c 2020 
300 # # |a 26 tr.  |b hình ảnh  |c 29 cm 
500 # # |a ĐTTS ghi: Trường Đại học Đồng Tháp. Khoa Sư phạm Sử - Địa và GDCT. Bộ môn Địa lý 
653 # # |a Du lịch sinh thái 
653 # # |a Đồng Tháp 
653 # # |a Tiểu luận tốt nghiệp 
653 # # |a Lai Vung 
653 # # |a Phát triển 
653 # # |a Tiềm năng 
700 0 # |a Phùng, Thái Dương  |e Hướng dẫn 
852 # # |j TL.0000049 
910 0 # |d 10/8/2020 
980 # # |a Trung tâm Học liệu Lê Vũ Hùng, Trường Đại học Đồng Tháp